| 000 | 00744nam a22002417a 4500 | ||
|---|---|---|---|
| 003 | OSt | ||
| 005 | 20220924113655.0 | ||
| 006 | a|||||r|||| 00| 0 | ||
| 007 | ta | ||
| 008 | 220923b |||||||| |||| 00| 0 hin d | ||
| 024 | _a218794 | ||
| 037 | _cGeneral Books | ||
| 040 |
_aARTS _cARTS _bhin |
||
| 041 |
_2hin _ahin |
||
| 082 | _aO152,3NSH7,AM, L8 | ||
| 245 | 0 | _aअंगारो में फूल | |
| 246 | _aAangāro mean fūla | ||
| 260 |
_aदिल्ली, _bराजपाल एंड सन्स _c1978 |
||
| 300 | _a106पृ0 | ||
| 650 | _aहिन्दी साहित्य | ||
| 942 |
_hO152,3NSH7,AM, L8 _cGB _2CC |
||
| 999 |
_c390421 _d390421 |
||